UM Logo

Health tips from the stars: (Record no. 7541)

MARC details
000 -LEADER
fixed length control field 00522nam a2200145 4500
008 - FIXED-LENGTH DATA ELEMENTS--GENERAL INFORMATION
fixed length control field 170929b xxu||||| |||| 00| 0 eng d
022 ## - INTERNATIONAL STANDARD SERIAL NUMBER
International Standard Serial Number 01181831
082 ## - DEWEY DECIMAL CLASSIFICATION NUMBER
Classification number DPer 613.05 H34 Jul-Nov 2013
245 ## - TITLE STATEMENT
Title Health tips from the stars:
Remainder of title fitness advice from celebrities that will inspire you to kick-start a healthy lifestyle.
260 ## - PUBLICATION, DISTRIBUTION, ETC. (IMPRINT)
Place of publication, distribution, etc. Philippines:
Name of publisher, distributor, etc. MIMS Pte Ltd KDN,
Date of publication, distribution, etc. ©2013.
300 ## - PHYSICAL DESCRIPTION
Extent pages 50-58:
Other physical details illustrations;
Dimensions 28 cm.
500 ## - GENERAL NOTE
General note Health today.
650 #0 - SUBJECT ADDED ENTRY--TOPICAL TERM
9 (RLIN) 22839
Topical term or geographic name as entry element Health
General subdivision Tips.
942 ## - ADDED ENTRY ELEMENTS (KOHA)
Source of classification or shelving scheme Dewey Decimal Classification
Koha item type Periodicals
Holdings
Withdrawn status Lost status Source of classification or shelving scheme Damaged status Not for loan Collection code Home library Current library Date acquired Total Checkouts Full call number Date last seen Price effective from Koha item type Public note
    Dewey Decimal Classification     Periodicals UM Digos College - LIC UM Digos College - LIC 09/29/2017   DPer 613.05 H34 Jul-Nov 2013 09/29/2017 09/29/2017 Periodicals Periodical article